banner koha

Boas práticas de manejo: identificação (Registro n. 9158)

MARC details
000 -LÍDER
Campo de controle fixo 01099nam a22003497a 4500
001 - NÚMERO DE CONTROLE
Número de controle BR2023000551
003 - CÓDIGO MARC DA AGÊNCIA CATALOGADORA
Campo de controle BR-BrBNA
005 - DATA E HORA DA ÚLTIMA ATUALIZAÇÃO
Campo de controle 20230530153333.0
008 - CAMPO DE TAMANHO FIXO
Campo fixo de controle 230518b bl.||||| |||| 00| 0 por d
020 ## - ISBN - INTERNATIONAL STANDARD BOOK NUMBER
ISBN 978-85-7991-073-9
040 ## - FONTE DA CATALOGAÇÃO
Agência catalogadora BR-BrBNA
Idioma da catalogação por
041 ## - CÓDIGO DO IDIOMA
Código do Idioma por
072 ## - CATEGORIA AGRIS
Código da categoria de assunto L01 ; E70
Código do objeto 5212
090 ## - NÚMERO DE CHAMADA
Número de Chamada 5212 BR2023000551
100 ## - ENTRADA PRINCIPAL - NOME PESSOAL
Nome pessoal Schmidek, Anita
100 ## - ENTRADA PRINCIPAL - NOME PESSOAL
Nome pessoal Durán, Hugo
100 ## - ENTRADA PRINCIPAL - NOME PESSOAL
Nome pessoal Costa, Mateus J. R. Paranhos da
110 ## - ENTRADA PRINCIPAL - ENTIDADE
Nome da entidade ou lugar Ministério da Agricultura, Pecuária e Abastecimento, Brasília, DF (Brazil). Secretaria de Desenvolvimento Agropecuário e Cooperativismo
245 ## - TÍTULO PRINCIPAL
Título principal Boas práticas de manejo: identificação
260 ## - IMPRENTA (PUBLICAÇÃO, DISTRIBUIÇÃO, ETC.)
Lugar de publicação, distribuição, etc. Brasília, DF (Brazil)
Data de publicação, distribuição, etc 2016
300 ## - DESCRIÇÃO FÍSICA
Extensão 44 p.
Detalhes físicos adicionais il.
500 ## - NOTA GERAL
Notas gerais 34 illus.
650 ## - ASSUNTO - THESAGRO
Cabeçalho tópico ou nome geográfico BOVINO
650 ## - ASSUNTO - THESAGRO
Cabeçalho tópico ou nome geográfico BEM-ESTAR
650 ## - ASSUNTO - THESAGRO
Cabeçalho tópico ou nome geográfico MANEJO
650 ## - ASSUNTO - THESAGRO
Cabeçalho tópico ou nome geográfico MARCAÇÃO
650 ## - ASSUNTO - THESAGRO
Cabeçalho tópico ou nome geográfico IDENTIFICAÇÃO
650 ## - ASSUNTO - THESAGRO
Cabeçalho tópico ou nome geográfico CAPACITAÇÃO
856 ## - ACESSO E ENDEREÇO ELETRÔNICO
Identificador uniforme de recurso - URI https://www.gov.br/agricultura/pt-br/assuntos/producao-animal/arquivos-publicacoes-bem-estar-animal/identificacao.pdf
909 ## - IDENTIFICAÇÃO DO CATALOGADOR
Ano e mês da catalogação (aaaamm) 202305
Identificação do catalogador Fernando
942 ## - TIPO ESPECÍFICO
Tipo de material Livros
952 ## - LOCATION AND ITEM INFORMATION (KOHA)
-- 2023-05-18
Exemplares
Status de empréstimo Fonte de classificação Status de danificação Não pode ser emprestado Código da coleção Localização permanente Localização atual Localização na estante Total Checkouts Número de chamada Código de barras Tipo de material
  Classificação AGRIS     Agrobase Biblioteca Nacional de Agricultura - Binagri Biblioteca Nacional de Agricultura - Binagri Agrobase - Acervo Geral   5212 BR2023000551 2023-435639 Livros

BINAGRI

Telefone: (61)3218-2567/2388/3357/2097 - binagri@agro.gov.br

Ministério da Agricultura e Pecuária , Esplanada dos Ministérios, Bloco D, Anexo B, Brasília/DF, CEP: 70.043-900